000
00214 a2200097 4500
001
23141
100
_a
Mulla, D F
245
_a
Principles of Mohammedan Law
260
_a
_b
Union Bk Stall
_c
090
_c
15681
_d
15681
942
_a
NUST-CAE
_c
M
_c
6315
999
_c
258214
_d
258214